000
00205nam a22000977a 4500
082
_a
954 RUS
245
_a
RUSSIA'S MARCH TOWARDS INDIA
260
_a
LONDON
_b
SAMPSON
_c
1990
300
_a
VOL-2
942
_c
BK
999
_c
571365
_d
571365